00362 a2200121 4500001001000000005001700010008004100027245004500068100002200113700002100135773006700156999001700223ART_1309920260410161735.0260409a 10aEl mundo cambia...¿Cambia la Argentina?1 aFloria, Carlos A.1 aSzewach, Enrique0 tEjecutivos de finanzasg- Año 7, Nº 68 (ago. 1990)wREV2863 c18229d18229